[Event "African Online-ch U20-Open 2021"]
[Site "Online"]
[Date "2021.02.01"]
[Round "6.17"]
[White "Masaiti, Gideon"]
[Black "Potgieter, Edward"]
[Result "0-1"]
[WhiteElo "1442"]
[BlackElo "1229"]
[Annotator "NA RC"]
[PlyCount "192"]
[EventDate "2021.02.01"]
[EventType "swiss"]
[EventCountry "NET"]
[SourceTitle "playchess.com"]
[Source "ChessBase"]
[SourceQuality "1"]
[TimeControl "1500+10"]

1. e4 {[%emt 0:00:00]} e5 {[%emt 0:00:03]} 2. Nf3 {[%emt 0:00:04]} Nc6 {[%emt 0:00:01]} 3. Bc4 {[%emt 0:00:04]} Bc5 {[%emt 0:00:02]} 4. d4 {[%emt 0:00:03]} Bxd4 {[%emt 0:00:06]} 5. Ng5 {[%emt 0:00:09]} Nh6 {[%emt 0:00:07]} 6. Qh5 {[%emt 0:00:10]} Qf6 {[%emt 0:02:04]} 7. O-O {[%emt 0:00:13]} O-O {[%emt 0:03:14]} 8. c3 {[%emt 0:00:39]} Bb6 {[%emt 0:00:18]} 9. Be3 {[%emt 0:00:07]} Qg6 {[%emt 0:00:59]} 10. Qxg6 {[%emt 0:00:49]} hxg6 {[%emt 0:00:05]} 11. Bxb6 {[%emt 0:00:05]} axb6 {[%emt 0:00:03]} 12. f4 {[%emt 0:00:06]} Na5 {[%emt 0:01:56]} 13. Nd2 {[%emt 0:00:28]} Nxc4 {[%emt 0:00:40]} 14. Nxc4 {[%emt 0:00:08]} exf4 {[%emt 0:00:53]} 15. Rxf4 {[%emt 0:00:40]} d6 {[%emt 0:00:11]} 16. Rf2 {[%emt 0:00:24]} f5 {[%emt 0:00:46]} 17. e5 {[%emt 0:01:40]} Ng4 {[%emt 0:00:29]} 18. Re2 {[%emt 0:01:57]} dxe5 {[%emt 0:01:50]} 19. Nxe5 {[%emt 0:00:10]} Re8 {[%emt 0:00:57]} 20. Rd1 {[%emt 0:00:56]} Nxe5 {[%emt 0:01:43]} 21. Rxe5 {[%emt 0:00:06]} Bd7 {[%emt 0:03:31]} 22. Rxe8+ {[%emt 0:00:06]} Bxe8 {[%emt 0:00:06]} 23. Re1 {[%emt 0:00:07]} Bd7 {[%emt 0:03:45]} 24. Re7 {[%emt 0:00:22]} Rd8 {[%emt 0:00:08]} 25. Kf2 {[%emt 0:01:41]} c5 {[%emt 0:02:10]} 26. Ke3 {[%emt 0:03:25]} Re8 {[%emt 0:00:48]} 27. Rxe8+ {[%emt 0:00:04]} Bxe8 {[%emt 0:00:02]} 28. Kf4 {[%emt 0:00:02]} Bf7 {[%emt 0:01:37]} 29. a3 {[%emt 0:00:05]} Kf8 {[%emt 0:00:32]} 30. Ke5 {[%emt 0:00:05]} Ke7 {[%emt 0:00:15]} 31. g3 {[%emt 0:00:06]} Bb3 {[%emt 0:00:29]} 32. Nf3 {[%emt 0:00:05]} Be6 {[%emt 0:00:10]} 33. Nd2 {[%emt 0:00:04]} Bg8 {[%emt 0:00:09]} 34. b4 {[%emt 0:00:04]} Kd7 {[%emt 0:00:10]} 35. h4 {[%emt 0:00:23]} Kc7 {[%emt 0:00:13]} 36. c4 {[%emt 0:00:08]} Kd7 {[%emt 0:00:13]} 37. bxc5 {[%emt 0:00:06]} bxc5 {[%emt 0:00:03]} 38. Nb3 {[%emt 0:00:07]} b6 {[%emt 0:00:03]} 39. Nd2 {[%emt 0:00:04]} Ke7 {[%emt 0:00:15]} 40. a4 {[%emt 0:00:07]} Kd7 {[%emt 0:00:04]} 41. Kf4 {[%emt 0:00:09]} Kd6 {[%emt 0:00:07]} 42. Ke3 {[%emt 0:00:23]} Bf7 {[%emt 0:00:11]} 43. Kd3 {[%emt 0:00:08]} Be8 {[%emt 0:00:04]} 44. Nf3 {[%emt 0:00:15]} Bxa4 {[%emt 0:00:12]} 45. Ng5 {[%emt 0:00:11]} Ke7 {[%emt 0:00:11]} 46. Nh3 {[%emt 0:00:49]} Kf6 {[%emt 0:00:27]} 47. Nf4 {[%emt 0:00:05]} Bc6 {[%emt 0:00:05]} 48. Ke3 {[%emt 0:00:20]} Be4 {[%emt 0:00:08]} 49. Ne2 {[%emt 0:00:12]} g5 {[%emt 0:00:19]} 50. Nc3 {[%emt 0:00:17]} Bc6 {[%emt 0:00:12]} 51. h5 {[%emt 0:00:25]} Kf7 {[%emt 0:00:11]} 52. Nd1 {[%emt 0:02:07]} Kf6 {[%emt 0:00:08]} 53. Nf2 {[%emt 0:00:07]} Ke6 {[%emt 0:00:10]} 54. Nh3 {[%emt 0:01:26]} Kf6 {[%emt 0:00:08]} 55. Kd3 {[%emt 0:00:18]} Be8 {[%emt 0:00:04]} 56. g4 {[%emt 0:02:25]} fxg4 {[%emt 0:00:13]} 57. Nf2 {[%emt 0:00:06]} Bxh5 {[%emt 0:00:11]} 58. Ke3 {[%emt 0:00:04]} Kf5 {[%emt 0:00:15]} 59. Ne4 {[%emt 0:00:07]} Be8 {[%emt 0:00:09]} 60. Nd6+ {[%emt 0:00:05]} Ke6 {[%emt 0:00:07]} 61. Nxe8 {[%emt 0:00:03]} g3 {[%emt 0:00:06]} 62. Nxg7+ {[%emt 0:00:14]} Ke5 {[%emt 0:00:02]} 63. Kf3 {[%emt 0:02:03]} Kd4 {[%emt 0:00:04]} 64. Ne6+ {[%emt 0:00:10]} Kxc4 {[%emt 0:00:11]} 65. Nxg5 {[%emt 0:00:04]} b5 {[%emt 0:00:05]} 66. Ke2 {[%emt 0:00:27]} g2 {[%emt 0:00:16]} 67. Nf3 {[%emt 0:00:07]} b4 {[%emt 0:00:18]} 68. Kd2 {[%emt 0:00:04]} Kb3 {[%emt 0:00:09]} 69. Ng1 {[%emt 0:01:46]} Ka2 {[%emt 0:00:18]} 70. Ne2 {[%emt 0:00:05]} b3 {[%emt 0:00:12]} 71. Nc1+ {[%emt 0:00:10]} Ka3 {[%emt 0:00:08]} 72. Ne2 {[%emt 0:00:12]} b2 {[%emt 0:00:09]} 73. Kc2 {[%emt 0:00:51]} g1=Q {[%emt 0:00:15]} 74. Nxg1 {[%emt 0:00:18]} Ka2 {[%emt 0:00:02]} 75. Ne2 {[%emt 0:00:06]} b1=Q+ {[%emt 0:00:04]} 76. Kd2 {[%emt 0:00:04]} Qb4+ {[%emt 0:00:03]} 77. Kc2 {[%emt 0:00:04]} Qc4+ {[%emt 0:00:03]} 78. Kd1 {[%emt 0:00:03]} Qd3+ {[%emt 0:00:06]} 79. Ke1 {[%emt 0:00:04]} Qe3 {[%emt 0:00:08]} 80. Kd1 {[%emt 0:00:04]} c4 {[%emt 0:00:15]} 81. Nc1+ {[%emt 0:00:05]} Ka3 {[%emt 0:00:09]} 82. Kc2 {[%emt 0:00:06]} Qe8 {[%emt 0:00:15]} 83. Kc3 {[%emt 0:00:34]} Qe3+ {[%emt 0:00:09]} 84. Kc2 {[%emt 0:00:04]} Qb6 {[%emt 0:00:03]} 85. Ne2 {[%emt 0:00:36]} Qb2+ {[%emt 0:00:06]} 86. Kd1 {[%emt 0:00:02]} Qxe2+ {[%emt 0:00:10]} 87. Kxe2 {[%emt 0:00:04]} Kb2 {[%emt 0:00:02]} 88. Kd2 {[%emt 0:00:03]} c3+ {[%emt 0:00:01]} 89. Kd1 {[%emt 0:00:03]} c2+ {[%emt 0:00:01]} 90. Kd2 {[%emt 0:00:03]} c1=Q+ {[%emt 0:00:02]} 91. Ke2 {[%emt 0:00:03]} Qc8 {[%emt 0:00:03]} 92. Kd1 {[%emt 0:00:03]} Qc2+ {[%emt 0:00:04]} 93. Ke1 {[%emt 0:00:02]} Qh2 {[%emt 0:00:03]} 94. Kd1 {[%emt 0:00:03]} Kc3 {[%emt 0:00:02]} 95. Ke1 {[%emt 0:00:03]} Qg2 {[%emt 0:00:02]} 96. Kd1 {[%emt 0:00:03]} Qd2# {[%emt 0:00:02]} 0-1

[Event "African Online-ch U20-Open 2021"]
[Site "Online"]
[Date "2021.02.01"]
[Round "6.18"]
[White "Sparg, Nathan"]
[Black "Tong, William M"]
[Result "1-0"]
[WhiteElo "1413"]
[BlackElo "1985"]
[Annotator "TA"]
[PlyCount "29"]
[EventDate "2021.02.01"]
[EventType "swiss"]
[EventCountry "NET"]
[SourceTitle "playchess.com"]
[Source "ChessBase"]
[SourceQuality "1"]

{[%evp 9,29,41,139,120,162,137,160,70,109,82,81,87,136,2,3,-81,-82,-70,4,-17,-23,-215]} 1. d4 d5 2. c4 c6 3. Nc3 Nf6 4. Nf3 Bg4 5. Qb3 {[#]} b5 $146 (5... Qb6 $14) ({Predecessor:} 5... Qb6 6. c5 Qc7 7. Bf4 Qxf4 8. Qxb7 g6 9. e3 Qf5 10. Qxa8 Qc8 11. Ne5 Bd7 12. b4 Qc7 {1-0 (20) Murtazin,B (2369)-Slastikhin,V (2062) Moscow 2020}) 6. cxb5 $16 {D15: Slav Defence: 4 Nc3 a6 and gambit lines after 4 Nc3 dxc4.} Bxf3 7. gxf3 e6 8. Bf4 (8. e4 $16) 8... Be7 9. bxc6 Nxc6 10. Qa4 Rc8 11. Bg2 (11. e3 $16) 11... Qb6 $11 12. Nb5 (12. O-O $11) 12... O-O $17 {[%mdl 1024] [#] ...a6 is the strong threat. Black has strong compensation.} ({Inferior is} 12... a6 13. Nd6+ Bxd6 14. Bxd6 $16) 13. O-O Rfd8 (13... a6 $15 14. Nc3 Nxd4) 14. Rac1 a6 15. Nc7 $2 {[%mdl 32768] Weighted Error Value: White=0.57/Black=0.40. Loss on time!?} 1-0

[Event "African Online-ch U20-Open 2021"]
[Site "Online"]
[Date "2021.02.01"]
[Round "6.19"]
[White "Meise, Keagen"]
[Black "Dutt Dakshesh"]
[Result "0-1"]
[WhiteElo "1200"]
[BlackElo "1549"]
[Annotator "NA RC"]
[PlyCount "128"]
[EventDate "2021.02.01"]
[EventType "swiss"]
[EventCountry "NET"]
[SourceTitle "playchess.com"]
[Source "ChessBase"]
[SourceQuality "1"]
[TimeControl "1500+10"]

1. d4 {[%emt 0:00:00]} d5 {[%emt 0:00:09]} 2. c4 {[%emt 0:00:05]} e6 {[%emt 0:00:05]} 3. Nc3 {[%emt 0:00:02]} Nf6 {[%emt 0:00:03]} 4. Bg5 {[%emt 0:00:03]} Be7 {[%emt 0:00:09]} 5. e3 {[%emt 0:00:03]} h6 {[%emt 0:00:24]} 6. Bf4 {[%emt 0:00:04]} O-O {[%emt 0:00:19]} 7. Nf3 {[%emt 0:00:04]} c5 {[%emt 0:00:37]} 8. Be2 {[%emt 0:01:38]} Nc6 {[%emt 0:00:55]} 9. dxc5 {[%emt 0:00:15]} Bxc5 {[%emt 0:00:17]} 10. O-O {[%emt 0:00:09]} Re8 {[%emt 0:01:14]} 11. Nb5 {[%emt 0:01:11]} e5 {[%emt 0:01:46]} 12. Bg3 {[%emt 0:00:07]} a6 {[%emt 0:00:13]} 13. Nc3 {[%emt 0:00:30]} dxc4 {[%emt 0:00:52]} 14. Qxd8 {[%emt 0:00:18]} Rxd8 {[%emt 0:00:30]} 15. Nxe5 {[%emt 0:00:48]} Nxe5 {[%emt 0:00:19]} 16. Bxe5 {[%emt 0:00:04]} b5 {[%emt 0:00:23]} 17. Rfd1 {[%emt 0:00:15]} Be6 {[%emt 0:00:55]} 18. Bf3 {[%emt 0:00:19]} Rxd1+ {[%emt 0:00:52]} 19. Rxd1 {[%emt 0:00:04]} Rf8 {[%emt 0:01:13]} 20. Bb7 {[%emt 0:04:12]} Bc8 {[%emt 0:00:11]} 21. Bxc8 {[%emt 0:00:11]} Rxc8 {[%emt 0:00:04]} 22. Bxf6 {[%emt 0:00:04]} gxf6 {[%emt 0:00:02]} 23. g3 {[%emt 0:00:06]} Kf8 {[%emt 0:00:26]} 24. Kg2 {[%emt 0:00:32]} Ke7 {[%emt 0:02:07]} 25. Nd5+ {[%emt 0:00:22]} Ke6 {[%emt 0:01:01]} 26. Nf4+ {[%emt 0:00:26]} Ke7 {[%emt 0:00:05]} 27. Kf3 {[%emt 0:00:13]} Rd8 {[%emt 0:00:13]} 28. Nd5+ {[%emt 0:01:18]} Ke6 {[%emt 0:00:29]} 29. Nc7+ {[%emt 0:01:50]} Ke7 {[%emt 0:00:28]} 30. Rxd8 {[%emt 0:00:02]} Kxd8 {[%emt 0:00:02]} 31. Nxa6 {[%emt 0:00:02]} Be7 {[%emt 0:00:29]} 32. a3 {[%emt 0:00:12]} Kc8 {[%emt 0:00:07]} 33. Nb4 {[%emt 0:00:02]} Kb7 {[%emt 0:00:23]} 34. Nd5 {[%emt 0:00:10]} Bd8 {[%emt 0:00:06]} 35. Kf4 {[%emt 0:00:27]} Kc6 {[%emt 0:00:10]} 36. Nc3 {[%emt 0:00:51]} Ba5 {[%emt 0:00:07]} 37. Ne4 {[%emt 0:00:02]} Bd8 {[%emt 0:00:07]} 38. Kf5 {[%emt 0:00:09]} Kb6 {[%emt 0:00:09]} 39. Nxf6 {[%emt 0:01:02]} Bxf6 {[%emt 0:00:07]} 40. Kxf6 {[%emt 0:00:01]} Ka5 {[%emt 0:00:01]} 41. Ke5 {[%emt 0:00:33]} Ka4 {[%emt 0:00:04]} 42. Kd4 {[%emt 0:00:18]} Kb3 {[%emt 0:00:04]} 43. Kc5 {[%emt 0:00:04]} Kxb2 {[%emt 0:00:02]} 44. Kxb5 {[%emt 0:00:01]} c3 {[%emt 0:00:03]} 45. a4 {[%emt 0:00:02]} c2 {[%emt 0:00:01]} 46. a5 {[%emt 0:00:03]} c1=Q {[%emt 0:00:03]} 47. a6 {[%emt 0:00:02]} Qc8 {[%emt 0:00:10]} 48. Kb6 {[%emt 0:00:03]} Qb8+ {[%emt 0:00:08]} 49. Kc6 {[%emt 0:00:05]} Qa7 {[%emt 0:00:02]} 50. Kb5 {[%emt 0:00:02]} Kc3 {[%emt 0:00:02]} 51. h4 {[%emt 0:00:09]} Kd3 {[%emt 0:00:12]} 52. g4 {[%emt 0:00:03]} Ke4 {[%emt 0:00:02]} 53. f4 {[%emt 0:00:08]} Kxe3 {[%emt 0:00:15]} 54. g5 {[%emt 0:00:02]} hxg5 {[%emt 0:00:03]} 55. fxg5 {[%emt 0:00:02]} Kf4 {[%emt 0:00:03]} 56. Kc6 {[%emt 0:00:21]} Qxa6+ {[%emt 0:00:07]} 57. Kd7 {[%emt 0:00:07]} Qg6 {[%emt 0:00:05]} 58. Ke7 {[%emt 0:00:05]} Kg4 {[%emt 0:00:03]} 59. h5 {[%emt 0:00:02]} Kxh5 {[%emt 0:00:05]} 60. Kf8 {[%emt 0:00:03]} Kxg5 {[%emt 0:00:27]} 61. Ke7 {[%emt 0:00:03]} f5 {[%emt 0:00:06]} 62. Kd7 {[%emt 0:00:01]} f4 {[%emt 0:00:02]} 63. Kc7 {[%emt 0:00:03]} f3 {[%emt 0:00:02]} 64. Kb7 {[%emt 0:00:03]} f2 {[%emt 0:00:02]} 0-1

[Event "African Online-ch U20-Open 2021"]
[Site "Online"]
[Date "2021.02.01"]
[Round "7.1"]
[White "Mohamed Abderrahim, Taleb Mohamed"]
[Black "Mhango, Banele"]
[Result "1-0"]
[WhiteElo "1799"]
[BlackElo "2117"]
[Annotator "TA"]
[PlyCount "113"]
[EventDate "2021.02.01"]
[EventType "swiss"]
[EventCountry "NET"]
[SourceTitle "playchess.com"]
[Source "ChessBase"]
[SourceQuality "1"]

{[%evp 9,113,5,12,0,0,0,-7,-14,-14,-24,-12,-19,10,8,20,26,28,-9,0,-10,4,-6,16,-49,-6,-10,-16,-20,0,-31,-24,-40,19,-71,-85,-143,-108,-122,-80,-100,-70,-70,-70,-70,-70,-70,-80,-83,-70,-70,-70,-70,-66,-76,-70,-101,-48,-76,-76,-76,-76,-83,-69,-77,-77,-81,-83,-86,-87,-93,-78,-76,-73,-95,-95,-95,-80,-81,-81,-95,0,0,59,59,861,861,829,0,768,0,756,0,0,0,0,0,0,0,0,0,29993,29994,29994,29995,29995,29996]} 1. e4 c5 2. Nf3 d6 3. Bb5+ Nd7 4. O-O e6 5. b3 Ngf6 6. d3 {B50: Sicilian: 2...d6, Miscellaneous.} Be7 7. Bb2 O-O 8. Bxd7 {The position is equal.} Nxd7 9. Nbd2 {[%cal Bb1d2,Bd2c4,Bc4e3,Be3c4][%mdl 32] [#]} e5 $146 ({Predecessor:} 9... Qc7 10. Re1 b6 11. Nf1 Bb7 12. Ng3 Rfd8 13. a4 g6 14. c4 Ne5 15. d4 cxd4 16. Nxd4 a6 17. Qe2 Bf6 18. Rac1 Rac8 19. Nf1 Bg7 20. f3 Qb8 21. Ne3 {1-0 (21) Glavinac,G (2131)-Krstic,A (1927) Skopje 2017}) 10. Nc4 Nb6 11. Ne3 g6 12. Nd2 Bg5 13. Nec4 Be6 14. a4 Nc8 15. c3 f5 16. f3 (16. Qe2 $11) 16... Nb6 17. a5 Nxc4 18. Nxc4 Bf6 19. d4 exd4 20. cxd4 d5 ({Black should play} 20... fxe4 $15 21. fxe4 d5) 21. exd5 (21. exf5 $11 {keeps the balance.} Bxf5 22. Ne3) 21... Qxd5 $17 {[%cal Rc5d4]} 22. Kh1 (22. dxc5 $142 Qxc5+ 23. Rf2) 22... Bxd4 23. Bxd4 Qxd4 24. Qc2 Bxc4 25. bxc4 Rad8 26. Rab1 Rf7 27. Rfd1 Qf6 28. h3 Rfd7 29. Rxd7 Rxd7 $15 {[%mdl 4096] Endgame KQR-KQR} 30. Qe2 {[#] Threatens to win with Qe8+.} Qe7 (30... Re7 {keeps more tension.} 31. Qf2 Qd6 32. Qc2 Qd8 33. Qc3 Kf7) 31. Qf2 Qd6 32. Rb5 Qd4 (32... Qc7 $17 33. Qe1 Kf7) 33. Qe2 Kf7 {White must now prevent ...Re7.} 34. Rb1 Re7 35. Qc2 Qe3 36. Qd1 Qe6 37. Qc2 Rd7 38. Qc3 Qf6 39. Qb3 b6 40. axb6 axb6 41. Qb5 Rd6 42. Re1 Kg7 (42... Qd8 {with more complications.} 43. Qa6 Kg7 44. Qa7+ Rd7 45. Qa1+ Rd4) 43. Qe8 Kh6 44. Kh2 f4 (44... Rd2 $17 45. Kh1 Rc2) 45. Re7 $11 g5 (45... Rd1 $11) 46. Rf7 $14 {[%mdl 1024] White has compensation.} Qg6 $2 {[%mdl 8192]} (46... Qd8 $14 47. Qe5 Rg6) 47. Qf8+ $18 Kh5 48. Qe7 $2 (48. Rg7 $18 Rf6 49. Qh8 (49. Rxg6 Rxf8 50. Rxb6 Ra8 $11)) 48... Kh6 {[%mdl 8192]} (48... h6 $11) 49. Qf8+ Kh5 50. Qe7 $2 ({White must play} 50. Rg7 $18 Rf6 51. Qh8 (51. Rxg6 Rxf8 52. Rxb6 Ra8 $14)) 50... h6 51. Rg7 $36 {[%mdl 2048] White has some pressure.} Qe6 52. Qf8 Rd1 53. Re7 Qg6 {( -> ...Qb1)} 54. Qc8 {[%csl Gf3,Gh3][%cal Rc8g4]} g4 $2 {[%mdl 8192] [#]} (54... Qb1 $11 55. Qg4+ Kg6 56. Qe6+ Kh5 57. Qg4+ Kg6 58. Qe6+ Kh5 59. Qg4+) 55. Re5+ {White mates.} Kh4 56. Qxg4+ Qxg4 57. hxg4 {[%csl Gg4][%cal Re5h5] Weighted Error Value: White=0.40/Black=0.27} 1-0

[Event "African Online-ch U20-Open 2021"]
[Site "Online"]
[Date "2021.02.01"]
[Round "7.2"]
[White "Filipe, Marcio"]
[Black "Brahami, Lamine"]
[Result "0-1"]
[WhiteElo "1990"]
[BlackElo "2194"]
[Annotator "TA"]
[PlyCount "98"]
[EventDate "2021.02.01"]
[EventType "swiss"]
[EventCountry "NET"]
[SourceTitle "playchess.com"]
[Source "ChessBase"]
[SourceQuality "1"]

{[%evp 19,98,7,20,2,0,0,0,0,1,-47,-37,-69,-55,-80,-60,-60,0,-172,23,-89,-77,-94,-82,-100,-83,-128,103,113,143,113,88,6,27,21,13,-98,-4,-4,-4,-6,-5,-5,-9,-10,0,-20,0,-29,0,0,0,0,40,0,95,97,93,77,70,58,150,0,0,-79,-77,-79,-74,-76,-70,-67,8,-239,0,-754,-744,-637,-572,-943,-881,-1270,-1212]} 1. e4 c5 2. Nf3 d6 3. d4 cxd4 4. Nxd4 Nf6 5. Nc3 a6 6. Be3 e5 7. Nb3 Be6 8. f3 Be7 9. Qd2 Nbd7 {9...h5 gains popularity.} 10. O-O-O b5 11. Nd5 {B90: Sicilian Najdorf: Unusual White 6th moves, 6 Be3 Ng4 and 6 Be3 e5.} Bxd5 $1 12. exd5 Nb6 13. Bxb6 $1 {The position is equal.} Qxb6 14. Kb1 O-O 15. g4 a5 16. h4 a4 17. Nc1 Rfc8 {[#]} (17... b4 $15) 18. h5 $146 (18. a3 $11 {and White has nothing to worry.}) ({Predecessor:} 18. Qb4 Rc5 19. c4 Qc7 20. g5 Nh5 21. cxb5 Nf4 22. Bd3 g6 23. Be4 Qb6 24. Qd2 Rxb5 {0-1 (38) Sfera,M (1893)-Andreoni,G (1993) Bratto 2008}) 18... Rc5 $2 (18... a3 $19 {Hoping for ...axb2.} 19. g5 axb2 20. Kxb2 Nd7) 19. g5 (19. Nd3 $1 $11 {was the only way to keep the balance.}) 19... Nxd5 $17 20. Nd3 Rcc8 21. Bh3 Rc7 {[#] And now ...b4 would win.} 22. g6 $1 {[%mdl 512]} a3 $2 {[#]} ({Inferior is} 22... hxg6 23. hxg6 Qe3 24. Bf5 $16) (22... b4 $1 $17 {and life is bright.} 23. gxf7+ Kf8) (22... fxg6 23. Be6+) 23. Nxe5 $1 $16 {[%mdl 512]} Nc3+ (23... dxe5 24. Qxd5) 24. Qxc3 dxe5 ({Don't blunder} 24... Rxc3 $2 25. gxf7+ Kf8 26. Nd7+ Kxf7 27. Nxb6 $18) 25. Qb3 (25. Qxe5 $16 Qf6 26. gxf7+ Kf8 27. Qxb5) 25... hxg6 $11 26. hxg6 Qxg6 27. Bg4 (27. Bf1 $11 Bg5 28. Bd3) 27... Bf6 (27... Qf6 $17 28. Rh3 g6) 28. Rh5 {Threatens to win with Rdh1.} Bg5 $1 29. Rdh1 $40 {[%csl Gh1][%cal Rh5h8][%mdl 128] White mounts an attack.} Bh6 30. Rxe5 axb2 31. Rxb5 {Strongly threatening Rb8+.} Rd8 32. Qxb2 Qd6 {aiming for ...Qd1+!} 33. Qb4 Qc6 (33... Qg3 $5 {[%cal Rg3g2]} 34. Qe1 Qxe1+ 35. Rxe1 g6 $15) 34. Qb3 Re7 35. a4 Rde8 36. Ka2 Re2 (36... Re3 $11 37. Rb6 Qc5) 37. Bf5 $16 R2e3 38. Bd3 Rxf3 39. Rb6 Qa8 (39... Qc5 $14) 40. Rb7 (40. Rh4 $16) 40... Rf4 $11 41. Rf1 (41. Be4 $11 {remains equal.} Qa6 42. Re7) 41... Rxa4+ $17 42. Kb2 Ra2+ $1 43. Qxa2 Qxb7+ 44. Qb3 Qc7 {[#]} ({Black should try} 44... Rb8 $15 45. Qxb7 Rxb7+ 46. Kc3 g6) 45. Rf5 $2 (45. Rxf7 $1 $11 {[%mdl 512] and White is okay.} Qe5+ (45... Qxf7 46. Bc4) 46. c3) 45... Bf4 $2 {[#]} (45... g6 $19 46. Rxf7 Bg7+ 47. Rxg7+ Kxg7 48. Qc3+ Qxc3+ 49. Kxc3 g5) 46. c4 $2 {[%mdl 8192]} (46. Rxf7 $1 $11 {[%mdl 512]} Qxf7 47. Bc4) 46... Be5+ $19 {Black is clearly winning.} 47. Kc2 Bf6 48. Rf2 Rb8 49. Qa3 Rb2+ {Accuracy: White = 44%, Black = 62%.} 0-1

[Event "African Online-ch U20-Open 2021"]
[Site "Online"]
[Date "2021.02.01"]
[Round "7.3"]
[White "Borges Delgado, Gabriel Jose"]
[Black "Lutuima, Amaro"]
[Result "1-0"]
[WhiteElo "2228"]
[BlackElo "2050"]
[Annotator "TA"]
[PlyCount "179"]
[EventDate "2021.02.01"]
[EventType "swiss"]
[EventCountry "NET"]
[SourceTitle "playchess.com"]
[Source "ChessBase"]
[SourceQuality "1"]

{[%evp 18,179,14,0,17,-11,33,17,35,30,42,55,62,59,62,18,36,0,55,18,153,137,210,119,164,94,118,48,163,170,156,145,143,137,187,179,222,200,198,207,197,131,141,89,120,98,103,76,128,115,205,166,211,194,177,186,181,43,88,60,72,-31,0,-54,-54,-55,-44,-54,-45,-86,0,0,8,7,117,-12,0,-4,0,0,0,0,0,0,112,110,105,109,212,192,218,207,202,0,0,0,8,8,8,8,8,8,8,8,21,0,0,0,0,0,0,0,0,0,0,0,21,21,104,104,104,104,104,0,0,0,8,8,8,8,8,8,8,8,16,0,8,8,8,0,8,8,8,8,8,8,29948,29962,12844,11566,3512,2868,29983,29984,29984,29984,29987,29987,29987,29988,29988,29989,29989,29990]} 1. e4 c5 2. Nf3 d6 3. d4 cxd4 4. Nxd4 Nf6 5. Nc3 a6 6. g3 e5 7. Nde2 Be6 8. Bg2 Be7 9. O-O O-O 10. h3 {10.a4 deserves study.} b5 {B91: Sicilian Najdorf: 6 g3.} 11. a3 Nc6 12. Be3 {[#]} Qc8 $146 {The position is equal.} ({Predecessor:} 12... b4 13. Nd5 Rb8 14. axb4 Nxb4 15. Nxe7+ Qxe7 16. c3 Nc6 17. Rxa6 Qd7 18. b4 Bxh3 19. Bxh3 Qxh3 20. Rxc6 Ng4 21. Re1 Qh2+ 22. Kf1 Qh3+ 23. Kg1 Qh2+ 24. Kf1 {½-½ (24) Lambert,A (2091)-Duchateau,T (2055) France 2010}) 13. Kh2 Rd8 14. Qd2 Na5 {Black wants to play ...Nc4.} 15. b3 Qc7 16. f4 Rac8 17. f5 Bd7 (17... Bxb3 $1 $11 18. cxb3 Nxb3) 18. g4 {aiming for g5.} Bc6 (18... d5 $1 $11 19. exd5 h6) 19. g5 $36 {[%mdl 2048] White is in control.} Ne8 (19... Nxe4 $16 {was worth a try.} 20. Bxe4 (20. Nxe4 d5 $16) 20... Bxe4) 20. Rg1 (20. Ng3 $18) 20... Kh8 21. Rad1 (21. Qe1 $18) 21... Nb7 22. Qe1 (22. Nd5 $16 Bxd5 23. Qxd5) 22... Bf8 (22... d5 $1 $14 23. exd5 Bd7) 23. Qf2 $18 Nc5 24. Qh4 Kg8 25. Bf3 a5 26. Ng3 b4 27. axb4 axb4 28. Nd5 Bxd5 29. Rxd5 (29. exd5 $18 Nd7 30. Rg2 (30. Qxb4 Qxc2+ 31. Rg2 Qc3 $11)) 29... g6 30. Rgd1 (30. Be2 $142) 30... Nd7 31. R1d2 Qc3 32. Nf1 Qa1 (32... Nc5 $142) 33. Qf2 Rc6 (33... Nc7 $16) 34. Be2 Rdc8 35. Bc4 Rxc4 36. bxc4 Rxc4 37. Ng3 (37. Qf3 $18 Qa8 38. Rf2) 37... Qa6 38. fxg6 hxg6 39. Qf1 (39. Qf3 $16 {Threatens to win with Rf2.} Nc5 40. Bxc5 dxc5 41. Rd8 (41. Rxe5 Rc3 $14)) 39... Qc6 {[%mdl 1024] Black has compensation.} (39... Nc7 $5 {[%cal Rc7d5]} 40. Ra5 Qc6 $11) 40. Qe2 (40. Qf3 $11) 40... Nc7 $15 41. Ra5 Ne6 42. Ra7 {next Rxd7! is good for White.} Rc3 $1 43. Qf2 Nf4 ({Black should try} 43... Ra3 $17) 44. Ne2 $11 Nxe2 45. Rxe2 {And now Qf3 would win.} Ra3 (45... d5 $11 {keeps the balance.} 46. exd5 Qc8) 46. Bc1 (46. Qf3 $1 $16) 46... Rxa7 47. Qxa7 {[#]} Qc4 48. Rf2 (48. Qe3 Be7) 48... Nc5 49. Qc7 Qa2 50. Qc6 {Strongly threatening Be3.} Qc4 (50... Nd3 $1 $11 51. Rf1 Nc5) 51. Qd5 $16 Qxd5 52. exd5 {[%mdl 4096] Endgame KRB-KBN} Bg7 (52... Ne4 $16 53. Rf3 Be7) 53. Kg2 $18 Ne4 54. Rf3 Nc3 55. Rxc3 $2 bxc3 {KB-KB} 56. Kf3 f6 57. gxf6 Bxf6 58. Ba3 Be7 59. Bb4 Kf7 60. Bxc3 Bh4 61. Ke4 Bf2 62. Bb4 Ke7 63. c4 Kd7 64. Ba3 Kc7 65. Bb4 Kd7 66. Bd2 Bh4 67. Be3 Be7 (67... Bg3 $11) 68. c5 $1 $16 dxc5 69. Kxe5 Bd6+ {[#]} 70. Kf6 (70. Ke4 $1 $16) 70... c4 $11 71. Kxg6 c3 72. Bc1 Be5 (72... Be7 {with more complications.} 73. Kf5 Kd6 74. Ke4 Bf6 75. Ba3+ Kd7) 73. Kf5 $1 {[%cal Rf5e5]} Kd6 74. Ke4 Bf6 $1 75. Ba3+ Kd7 76. Bc1 (76. Kd3 {feels hotter.} Kc7 77. Bc5 Kb7 78. Kc2 Kc7 79. Kd1) 76... c2 77. Kd3 Kd6 78. Kc4 Be7 (78... Ke5 {keeps more tension.} 79. Kc5 Kf5 80. Ba3 Bg5 81. Kc6 c1=Q+) 79. Bf4+ Kd7 80. Kd3 Bd6 81. Bc1 {Black must now prevent h4.} Be5 $2 {[%mdl 8192] [#] This costs Black the game.} (81... Bg3 $11) 82. h4 $1 {[%cal Rh4h5]} Kd6 83. Ke4 {White threatens Ba3+ and mate.} Bc3 84. h5 Kc5 85. h6 {White mates.} Bh8 86. h7 Bc3 87. Ba3+ Kc4 88. d6 Kb3 89. Bc1 Bb2 90. Bxb2 {Weighted Error Value: White=0.33/Black=0.37} 1-0